000 00431nam a22001577a 4500
005 20260331150223.0
008 260331b |||||||| |||| 00| 0 eng d
020 _a81-8061-416-6
050 _aRC 69.D67 2005
100 _aMRS JYOTI DOSHI M
245 _aDOSHIS A TO Z SERIES ON SYDROMES
260 _aNEW DELHI
_bJAYPEE BROTHERS MEDICAL PUBLISHERS
_c2005
300 _aX,475
500 _aINCLUDES APPENDIX
942 _2lcc
_cBK
999 _c216903
_d216903